El pago con reservas al FMI. "La eterna historia del maltrato de la política a la economía" (Registro nro. 23219)
[ vista simple ]
| 000 -LEADER | |
|---|---|
| fixed length control field | 00427 a2200121 4500 |
| 001 - CONTROL NUMBER | |
| control field | ART_10719 |
| 005 - DATE AND TIME OF LATEST TRANSACTION | |
| control field | 20260410161831.0 |
| 008 - FIXED-LENGTH DATA ELEMENTS--GENERAL INFORMATION | |
| fixed length control field | 260409a |
| 100 1# - MAIN ENTRY--PERSONAL NAME | |
| Personal name | Milei, Javier Gerardo |
| 245 10 - TITLE STATEMENT | |
| Title | El pago con reservas al FMI. "La eterna historia del maltrato de la política a la economía" |
| 700 1# - ADDED ENTRY--PERSONAL NAME | |
| Personal name | García, Hernán M. |
| 773 0# - HOST ITEM ENTRY | |
| Title | Actualidad Económica |
| Related parts | - Año XVI, Nº 59 (may./ago. 2006) |
| Record control number | REV5083 |
No hay ítems disponibles.